Science Quiz

Random Science or Clickable Quiz

HCHS Mutations Quiz Stats

 Plays Quiz not verified by Sporcle

Challenge
Share
Tweet
Embed
Score 0/10 Timer 10:00
0 Plays Today
% Correct
Deletion
76%
Mutagen
70%
Inversion
68%
Frameshift Mutation
66%
Insertion
65%
Duplication
62%
Nonsense Mutation
61%
Translocation
58%
Point Mutation
55%
Missense Mutation
50%

You're not logged in!

Compare scores with friends on all Sporcle quizzes.
Join for Free
OR
Log In

You Might Also Like...

Show Comments

Extras

Created Mar 5, 2015ReportNominate
Tags:Clickable Quiz, mutation

Top Quizzes Today


Score Distribution

Your Account Isn't Verified!

In order to create a playlist on Sporcle, you need to verify the email address you used during registration. Go to your Sporcle Settings to finish the process.

Report this User

Report this user for behavior that violates our Community Guidelines.

Details: